Регионална библиотека "Любен Каравелов" - Русе

Живот в документи (Запис номер 156885)

MARC детайли
000 -Лидер
Контролно поле с фиксирана дължина 01876nam a2200433 a 4500
003 - Код на организацията, давaща контролен номер
Контролно поле BLK
005 - Дата и час на последна редакция
Контролно поле 20230711085237.0
008 - Елементи от данни с фиксирана дължина
fixed length control field 180410b bul|||||r ||||||| ||bul||
010 ## - Наследен системен номер
LC control number KNG00163732000
040 ## - Източник на каталожния запис
Идентификатор на билиотеката - собственик на записа BLK
041 ## - Код за език
Код за езика на текст/звукозапис или на отделно заглавие Български
Код за езика КДБФ Български
080 ## - УДК
Текстов определител УДК Музиканти-творци, композитори
УДК код - определител по УДК 78.071.1
УДК определител 430)(092)
УДК - код + определител 78.071.1430)(092)
080 ## - УДК
Текстов определител УДК Немски оперетен композитор
УДК код - определител по УДК 929 Лехар, Франц
УДК - код + определител 929 Лехар, Франц
100 1# - Редна дума - Автор
Автор Шнайдерайт, Ото
Авторска отговорност първи автор
R(LIN) 143827
139 ## - Редно поле
Редна дума Шнайдерайт, Ото
Авторски знак Лет - Л 51
245 10 - Сведения за заглавието
Заглавие Живот в документи
Подзаглавни данни Биогр. на Франц Лехар
Редно поле (дума) Ото Шнайдерайт; прев. от нем. Ивета Милева; предг. от Елена Тончева.
257 ## - Страна на издаване
Страна на създаване/издаване Германия
260 ## - Област на издателските данни
Име на издателя, разпространителя и проч. Музика
Година на издаване 1990
Място на издаване, разпространение и проч. София
300 ## - Физическа характеристика
Страници 312 с.
Илюстрации и др. с ил., портр.
Размери/Мащаб 20 см
380 ## - Жанр
Жанр Изкуство
490 ## - СЕРИИ (Колекции)
Име на серия Книги за бележити музиканти
500 ## - Общи забележки
Забележка Ориг. загл. Franz Lehar / Otto Schineidereit. - Кор загл. Франц Лехар. - Библиогр. с. 298-310. - Именен показалец.
600 14 - Име на лице, използвано като предмет
За него / За нея Лехар, Франц
9 (RLIN) 88596
650 #4 - Допълнително описание по предмет – тема
Основно описание – тема или топоним Композитори - биографии
9 (RLIN) 246095
651 #4 - Допълнително описание по предмет - топоним
Географско понятие Германия
9 (RLIN) 178754
653 ## - Ключова дума – ненормативна
Ключова дума Франц Лехар
653 ## - Ключова дума – ненормативна
Ключова дума композитори
653 ## - Ключова дума – ненормативна
Ключова дума биографии
653 ## - Ключова дума – ненормативна
Ключова дума Германия
700 1# - Други автори (авторска отговорност)
Лично име Милева, Ивета
Автороска отговорност (Описва отношението между автора и произведението) прев. от нем.
9 (RLIN) 368858
700 1# - Други автори (авторска отговорност)
Лично име Тончева, Елена
9 (RLIN) 377543
852 ## - Местоположение
Форматна сигнатура Цб 163076
Фондова буква Хранилище
856 4# - Електронен адрес и достъп
Електронен формат pdf - файл
856 4# - Електронен адрес и достъп
Електронен формат pdf - файл
942 ## - АРТИКУЛИ
Вид на библиотечния материал Книги
Скрит в OPAC Не
944 ## - СЪЗДАВАНЕ И РЕДАКЦИЯ на ЗАПИСА
Създаване/Редакция Създаване
Дата на регистрацията/редакция 25.07.2014
Статус, дата на статуса 25.07.2014 - от С1,Р / 25.07.2014
Служител, извършил регистрацията/редакцията Ирена_Линкова
944 ## - СЪЗДАВАНЕ И РЕДАКЦИЯ на ЗАПИСА
Създаване/Редакция Редакция
Дата на регистрацията/редакция 11.07.2023
Служител, извършил регистрацията/редакцията ир
999 ## - СИСТЕМНИ КОНТРОЛНИ НОМЕРА
Koha biblionumber 156885
Koha biblioitemnumber 156885
999 ## - СИСТЕМНИ КОНТРОЛНИ НОМЕРА
Koha biblioitemnumber 156885
Наличности
Код за отписване Код за изгубен артикул Източник на класификационната схема Код за повреда Коз за рестрикции Код за отдаване Артикулен № Име на библиотеката - собственик Име на библиотеката, в която се намира в момента Статус (Текущо местоположение) Дата на вписване в системата Местоположение - отдел Цена в лева Инвентарен номер Систематично азбучна сигнатура Баркод Номер на екземпляра Цена в евро Служебна бележка Служебен тип на артикула
  Не е изгубен Universal Decimal Classification Не е повреден само за читалня ползва се в читалня 262723 Регионална библиотека "Любен Каравелов" Русе Регионална библиотека "Любен Каравелов" Русе Хранилище 1990-01-01 Хранилище 2.24 534577 Цб 163076 120000534577 1 1.15 Дост: Dp Вид: Д N: стар фонд Дата: 01.01.1990 Книги
Изтеглен Не е изгубен   Не е повреден без рестрикции ползва се в читалня 262724 Регионална библиотека "Любен Каравелов" Русе Регионална библиотека "Любен Каравелов" Русе Отчислена 1990-01-01 Отдел Изкуство - читалня 0.00 541127 И 78.071.1(092)/Л 51 541127 2 0.00 Дост: Pk Вид: Ф N: стар фонд Дата: 01.01.1990 Книги
Изтеглен Не е изгубен Universal Decimal Classification Не е повреден без рестрикции заемане за дома 262725 Регионална библиотека "Любен Каравелов" Русе Регионална библиотека "Любен Каравелов" Русе Отдел Изкуство - подръчен фонд 1990-01-01 Отдел Изкуство - подръчен фонд 2.24 541123 78.071.1(092)/Л 51 541123 3 1.15 Дост: Pk Вид: Ф N: сф Дата: 01.01.1990 Дата инв: 03.04.2017 Бележки инв: ИП2017 Книги
Изтеглен Не е изгубен Universal Decimal Classification Не е повреден без рестрикции заемане за дома 262726 Регионална библиотека "Любен Каравелов" Русе Регионална библиотека "Любен Каравелов" Русе Отчислена 1990-01-01 Отдел Изкуство - подръчен фонд 2.24 541125 78.071.1(092)/Л 51 541125 4 1.15 Дост: Pk Вид: Ф N: сф Дата: 01.01.1990 Книги
  Не е изгубен Universal Decimal Classification Не е повреден без рестрикции заемане за дома 262727 Регионална библиотека "Любен Каравелов" Русе Регионална библиотека "Любен Каравелов" Русе Отдел Изкуство - подръчен фонд 1990-01-01 Отдел Изкуство - подръчен фонд 2.24 541126 78.071.1(092)/Л 51 120000541126 5 1.15 Дост: Pk Вид: Ф N: сф Дата: 01.01.1990 Дата инв: 03.04.2017 Бележки инв: ИП2017 Книги
Vip Innovations Ltd, Rousse, Bulgaria 2025